| 000 | 00718nam a22002057a 4500 | ||
|---|---|---|---|
| 999 |
_c195800 _d195800 |
||
| 005 | 20230428111040.0 | ||
| 010 | _aENG-136735 | ||
| 020 | _c85.00 | ||
| 035 | _aEN-120267 | ||
| 037 | _bDBAD/PUB | ||
| 082 | _a330.954 | ||
| 100 | _aRao, M Sambasiva | ||
| 245 | 0 | 0 |
_aIndian Economy / _cBy Sambasiva M Rao |
| 250 | _aFirst | ||
| 260 |
_aAndhra Pradesh _bLorven Publications _c2012 |
||
| 270 |
_bAndhra Pradesh _a3-5-1108, Maruthi Complex, Narayanguda, Hyderabad _e500029 _k2475066 _mvivadelhi@vivagroupindia.net _l91-40-66365445 |
||
| 300 |
_a253p.; _c20cm(pbk) |
||
| 500 | _aFor B.A Third Year Of All Universities, Entrance Examinations & Other Competitive Exams | ||
| 942 |
_2ddc _cEN _mRAO _h330.954 |
||